SUGARCANE WITH SALT (Record no. 20947)

MARC details
000 -LEADER
fixed length control field 00425nam a22001697a 4500
003 - CONTROL NUMBER IDENTIFIER
control field OSt
005 - DATE AND TIME OF LATEST TRANSACTION
control field 20211201113602.0
008 - FIXED-LENGTH DATA ELEMENTS--GENERAL INFORMATION
fixed length control field 211201b |||||||| |||| 00| 0 eng d
020 ## - INTERNATIONAL STANDARD BOOK NUMBER
International Standard Book Number 0 582 05204 1
040 ## - CATALOGING SOURCE
Transcribing agency HAWASSA UNIVERSITY
050 ## - LIBRARY OF CONGRESS CALL NUMBER
Classification number 823/NGO
Item number 1
082 ## - DEWEY DECIMAL CLASSIFICATION NUMBER
Classification number 823/NGO
Item number 1
100 ## - MAIN ENTRY--PERSONAL NAME
Personal name NG'OMBE JAMES
Fuller form of name NG'OMBE JAMES
9 (RLIN) 21285
245 ## - TITLE STATEMENT
Title SUGARCANE WITH SALT
260 ## - PUBLICATION, DISTRIBUTION, ETC.
Place of publication, distribution, etc. UK
Name of publisher, distributor, etc. LONGMAN
Date of publication, distribution, etc. 1989
942 ## - ADDED ENTRY ELEMENTS (KOHA)
Source of classification or shelving scheme Dewey Decimal Classification
Koha item type Books like text book referance book
Suppress in OPAC No
Holdings
Withdrawn status Lost status Source of classification or shelving scheme Damaged status Not for loan Home library Current library Date acquired Total Checkouts Full call number Barcode Date last seen Copy number Price effective from Koha item type
    Dewey Decimal Classification     College of Agriculture Library College of Agriculture Library 12/01/2021   823/NGO ALIB0006949 12/01/2021 1 12/01/2021 Books like text book referance book